Normal view
MARC view
Entry Personal Name
001 - CONTROL NUMBER
- control field: 19184
003 - CONTROL NUMBER IDENTIFIER
- control field: OSt
005 - DATE AND TIME OF LATEST TRANSACTION
- control field: 20260309014348.0
008 - FIXED-LENGTH DATA ELEMENTS
- fixed length control field: 260309|| aca||aabn | a|a d
040 ## - CATALOGING SOURCE
- Original cataloging agency: OSt
- Transcribing agency: OSt
100 ## - HEADING--PERSONAL NAME
- Personal name: Habla, Ma. Victoria G., author
670 ## - SOURCE DATA FOUND
- Source citation: Work cat.: (OSt)4862: Barrameda, Gemmabelle E., author. 19181, Mathematical concepts relevant to drafting technology of the bachelor of science in industrial technology (BSIT) and bachelor of science in industrial education (BSIE) curricula of C.C.A.T. / , 2002
